Úroky z úverov a pôžičiek poskytnutých závislými osobami a ich vplyv na základ dane z príjmov s príkladmi
Problematika zahrňovania úrokov z úverov a pôžičiek poskytnutých závislými osobami do daňových výdavkov. Postup pri zahrňovaní úrokov poskytnutých závislými osobami do daňových výdavkov podľa zákona o daniach z príjmov. Vymedzenie závislých osôb.
Enregistré dans:
| Auteur principal: | |
|---|---|
| Format: | Chapitre de livre |
| Langue: | slovaque |
| Sujets: | |
| Tags: |
Pas de tags, Soyez le premier à ajouter un tag!
|
MARC
| LEADER | 00000naa a2200000 4500 | ||
|---|---|---|---|
| 001 | r048450 | ||
| 005 | 20230927071543.6 | ||
| 041 | 0 | |a slo | |
| 044 | |a SK | ||
| 245 | 1 | 0 | |a Úroky z úverov a pôžičiek poskytnutých závislými osobami a ich vplyv na základ dane z príjmov s príkladmi |c Dalila Luknárová |
| 520 | |a Problematika zahrňovania úrokov z úverov a pôžičiek poskytnutých závislými osobami do daňových výdavkov. Postup pri zahrňovaní úrokov poskytnutých závislými osobami do daňových výdavkov podľa zákona o daniach z príjmov. Vymedzenie závislých osôb. | ||
| 610 | 2 | 0 | |a úver |
| 610 | 2 | 0 | |a pôžičky |
| 610 | 2 | 0 | |a výdavky daňové |
| 610 | 2 | 0 | |a úrok |
| 610 | 2 | 0 | |a dane z príjmov |
| 100 | 1 | |a Luknárová - Kutišová, Dalila | |